| 000 | 00794nam a22002417a 4500 | ||
|---|---|---|---|
| 999 |
_c3493 _d3493 |
||
| 003 | AR-CdUCM | ||
| 008 | 190306b ||||| |||| 00| 0 spa d | ||
| 040 |
_aMUNICIPALIDAD PROVINCIAL DEL CUSCO _cBIBLIOTECA MUNICIPAL DEL CUSCO |
||
| 082 |
_a869.56 / _bC697 |
||
| 100 |
_aCollao Talavera, Jaime _911480 |
||
| 245 | _aCuentos / | ||
| 260 |
_aArequipa : _bCasa de la cultura, _c1964. |
||
| 300 |
_a47 páginas ; _c20 cm. |
||
| 505 | _aContenido: El que guía -- Muchacho solitario -- Coronelazo -- El algarrobo desarraigado -- El honor. | ||
| 650 |
_aCuentos arequipeños _911481 |
||
| 650 |
_aPerú _935 |
||
| 650 |
_aSiglo XX _98 |
||
| 700 |
_aSilva, Oscar _911482 |
||
| 700 |
_aDiaz Valdivia, Amelia _911483 |
||
| 700 |
_aVargas Cano, José _911484 |
||
| 942 |
_2ddc _cLIBROS |
||
| 945 | _adavv | ||